| 000 | 00339nam a2200133Ia 4500 | ||
|---|---|---|---|
| 008 | 220204s9999 xx 000 0 und d | ||
| 082 |
_a631.4:54.06 _bJAC |
||
| 100 | _aJACKSON, M L | ||
| 245 | 0 | _aSoil chemical analysis | |
| 260 |
_aDelhi _bPrentice Hall _c1973 |
||
| 650 | _aPlant tissue analysis | ||
| 650 | _aSoil analysis | ||
| 942 | _cBK | ||
| 999 |
_c23734 _d23734 |
||